01348aas a2200241 4500952009000000999001700090001001000107003001000117005001700127008004100144022001400185040004100199041000800240100002700248242011800275245012600393300006100519520035100580546002200931650003800953773010700991942000801098 001040708HEMaFUSBCbFUSBCd2016-01-26l0o r2016-01-26 00:00:00w2016-01-26yANA c53701d53701768714001CO-MdFUSB20171107115643.0170727s1996 xxu||||| |||| 00| 0 eng d a0098-9444 aCO-MdFUSBbspacCO-MdFUSBdCO-MdFUSB aspa1 aDewsnap, Mollyeautor 14aLos gemelos y el erudito : bcómo dos Hermanas victorianas y un Rabino descubrieron el texto hebreo de Ben Sira14aThe twins and the scholar : bhow two Victorian Sisters and Rabbi discovered the hebrew text of Ben Sirac/ Molly Dewsnap aVolumen 22. Número 5 (1996), páginas 54-62c: 28 cm.1 aelogiemos ahora a las mujeres famosas: cuando hermanas gemelas en busca de manuscritos bíblicos hace 100 años, tuvieron éxito mucho más de lo que podrían haber esperado, no solo encontrando el texto hebreo original de la Sabiduría de Ben Sira, sino también siguiendo el rastro del mayor tesoro manuscrito judío jamás encontrado. aTexto en inglés 79403aExcavaciones arqueológicas0 tBiblical Archaeology Review049395959493gVolumen 22. Número 5 (1996), páginas 54-62qPágina 54 cANA